000 00437cam a22001574a 4500
020 _a9781556438578
041 _aENG
082 0 0 _a126
_bRAL
100 1 _aRalston, Peter,
245 1 4 _aThe book of not knowing : The True of Self, Mind and Conciousness
260 _a[Berkeley, Calif. :
_bNorth Atlantic Books,
_c2010]
300 _axi, 581 p. ;
650 0 _aConsciousness.
650 0 _aSelf-consciousness (Awareness)
942 _cREF
999 _c22767
_d22767